| 000 | 00835cam a2200229 4500 | ||
|---|---|---|---|
| 001 | WB3638-30 | ||
| 008 | 000000n2000 000 0 eng u | ||
| 035 | _a(Sirsi) u108475 | ||
| 245 | _aVAT on mixed schemes | ||
| 260 | _c2000 | ||
| 490 |
_aProperty Week _v65(37) 22 September 2000, 7(1) |
||
| 520 | _aA VAT tribunal ruling involving SEH Holdings could make developers who purchase buildings for residential conversions or mixed-use schemes, eligible to pay VAT. Developers were previously exempt under VAT law which ensures tax is not charged on residential property. | ||
| 590 | _aWB | ||
| 650 | _aSEH HOLDINGS | ||
| 650 | _aRESIDENTIAL CONVERSIONS | ||
| 650 | _aDEVELOPERS | ||
| 650 | _aMIXED-USE SCHEMES | ||
| 650 |
_aRESIDENTIAL PROPERTY _96266 |
||
| 650 | _aVAT RATE | ||
| 690 | _aTAXATION-CASE LAW | ||
| 942 | _n0 | ||
| 999 |
_c64764 _d64764 |
||